Carregant...

Tribal paintings and sculptures /

Dades bibliogràfiques
Autor principal: Mishra, Umesh Chandra
Format: Printed Book
Idioma:English
Publicat: Delhi : B R Publishing Corporation, 1989.
LEADER 00733nam a2200169Ia 4500
008 150624b xxu||||| |||| 00| 0 eng d
020 |a 8170185432 
020 |a 8170185432 
082 |a 759.9543 
100 |a Mishra, Umesh Chandra 
245 |a Tribal paintings and sculptures /  |c Umesh Chandra Mishra 
260 |a Delhi :  |b B R Publishing Corporation,  |c 1989. 
300 |a 93+ 
505 |a 1. Tribes and their regional background 2. Factors influencing tribal art 3. Tribal paintings 4. Tribal art of tattooing 5. Stone sculptures 6. Wall decoration 7. Other scupltures. 
942 |c BK 
999 |c 43638  |d 43638 
952 |0 0  |1 0  |4 0  |6 759_954300000000000_MIS_T  |7 0  |9 43630  |a UL  |b UL  |c ST1  |d 1998-09-24  |l 0  |o 759.9543 MIS/T  |p 63827  |r 2012-10-27  |w 2012-10-27  |y BK